Statystyki dla Martin Scorsese - filmy

Kliknij tutaj aby rozwiązać quiz!

Ogólne statystyki

  • Ten quiz został rozwiązany 133 razy
  • Średni wynik to 9 z 28

Statystyki odpowiedzi

RokAktorProdukcja% Poprawnych
1990Ray LiottaChłopcy z ferajny
87%
2019Robert De NiroIrlandczyk
87%
1976Robert De NiroTaksówkarz
85%
2013Leonardo DiCaprioWilk z Wall Street
75%
2006Jack NicholsonInfiltracja
66%
1980Robert De NiroWściekły Byk
60%
2010Leonardo DiCaprioWyspa tajemnic
60%
1995Robert De NiroKasyno
58%
2002Daniel Day-LewisGangi Nowego Jorku
54%
2004Leonardo DiCaprioAviator
52%
2016Andrew GarfieldMilczenie
37%
1988Willem DafoeOstatnie kuszenie Chrystusa
33%
1982Robert De NiroKról komedii
24%
1987Michael JacksonBad
19%
1973Robert De NiroUlice nędzy
19%
2011Ben KingsleyHugo i jego wynalazek
17%
1986Tom CruiseKolor pieniędzy
13%
1977Robert De NiroNew York, New York
12%
1991Robert De NiroPrzylądek strachu
12%
1999Nicolas CageCiemna strona miasta
11%
1985Griffin DunePo godzinach
10%
1993Daniel Day-LewisWiek niewinności
10%
2008Mick JaggerRolling Stones w blasku świateł
9%
1997Tenzin Thuthob TsarongKundun - życie Dalaj Lamy
7%
2016Bobby CannavaleVinyl
7%
1974Ellen BurstynAlicja już tu nie mieszka
6%
2011Paul McCartneyGeorge Harrison
4%
1972David CarradineWagon towarowy Bertha
4%

Rozkład punktacji

Percentyl według liczby udzielonych odpowiedzi

Procent ludzi z każdym wynikiem

Twoja historia wyników

Nie rozwiązałeś tego quizu